000 00295nam a22001337a 4500
020 _a0673993477
082 _a330
100 _aRalph T. Byrns
245 _aStudent guide for learning economics
250 _a6th
260 _aNew York
_bHarper Collins
_c1995
300 _a531p
942 _cBK
999 _c3185
_d3185